Easiest Quiz Ever- Are You Smart Enough? - Statistics

General Stats
  • This quiz has been taken 1,113 times
    1,055 since last reset
  • The average score is 7 of 7
Answer Stats
Hint Answer % Correct
Which is bigger, the sun or the moon The Sun
99%
Number of planets in our solar system Nine
97%
Which planet is farthest from the sun Neptune (or Pluto)
96%
What covers 3/4 of Earth's surface Water
96%
Name of our galaxy The Milky Way
94%
How many oceans are there Seven
93%
Where is the Panama Canal Panama
86%
No matching quizzes found
Score Distribution
Percent of People with Each Score
Percentile by Number Answered
Your Score History
You have not taken this quiz since the last reset